La modernidad superada: Arquitectura, Arte y pensamiento del siglo XX
Guardado en:
| Autor principal: | |
|---|---|
| Formato: | Libro |
| Lenguaje: | español |
| Publicado: |
Barcelona, España
Gustavo Gili S. A
1997
|
| Materias: | |
| Etiquetas: |
Agregar Etiqueta
Sin Etiquetas, Sea el primero en etiquetar este registro!
|
MARC
| LEADER | 00000cam a2200000 a 4500 | ||
|---|---|---|---|
| 001 | UCC0245 | ||
| 003 | CL-VaPUC | ||
| 005 | 20240703090314.0 | ||
| 008 | 170728e19970000sp |||||||||||||||||spa|d | ||
| 999 | |c 369132 |d 369130 | ||
| 020 | |a 8425216966 | ||
| 040 | |c Pontificia Universidad Católica de Valparaíso | ||
| 082 | 0 | 4 | |a 724.6 MON 1997 |2 21 |
| 100 | |a Montaner i Martorell, Josep María |e autor |9 585643 | ||
| 245 | 1 | 3 | |a La modernidad superada: |b Arquitectura, Arte y pensamiento del siglo XX |
| 260 | |a Barcelona, España |b Gustavo Gili S. A |c 1997 | ||
| 300 | |a 236 páginas | ||
| 583 | |a last modification |c 20170728 13:21:00 |k Rodrigo Vera | ||
| 650 | 0 | |a Historia de la arquitectura |9 266241 | |
| 650 | 0 | |a Arquitectura |y Siglo 20 |9 266208 | |
| 650 | 0 | |a Arquitectura contemporánea |9 367350 | |
| 942 | |c BK |2 ddc | ||
| 945 | |d 20170728 13:21:00 |a dcastane | ||
| 952 | |0 0 |1 0 |2 ddc |3 erd |4 0 |6 724_600000000000000_MON_1997 |7 0 |8 A |9 484690 |a BIBARQ |b BIBARQ |i 5411025 |l 4 |m 4 |o 724.6 MON 1997 |p 5411025 |r 2025-01-20 |s 2024-04-08 |t 1 |w 2019-11-24 |y BK |z Catalogado en:20170728 |k ARQ | ||